| 000 | 00597cam a2200229ua 4500 | ||
|---|---|---|---|
| 020 |
_a81 7024 528 1 _c500.00 |
||
| 041 |
_aeng _h |
||
| 082 |
_a628 _bTRI/AD |
||
| 100 | _aTripathi, A K . | ||
| 245 |
_aAdvances in environmental sciences / _cA K Tripathi. _hTextual Documents |
||
| 250 |
_a1 / _b. |
||
| 260 |
_aNew Delhi : _bAshish Publishing House , _c1993. |
||
| 300 | _a387 ; . | ||
| 365 | _a500.00 | ||
| 500 | _a19615-16 Scheme | ||
| 504 | _a | ||
| 700 | 1 | _aPandey, S N . | |
| 700 | 1 | _aSrivastava, A K . | |
| 942 | _cBK | ||
| 999 |
_c9427 _d9427 |
||